000 00837nam a2200253Ia 4500
003 OSt
005 20220918171437.0
006 a|||||r|||| 00| 0
007 ta
008 220917b |||||||| |||| 00| 0 eng d
020 _a9781783481880 (pbk)
_cUKP 22.95
024 _a349,145
037 _b13738, 15/01/2019, Elite Publishers Distributors
_cTextual
040 _aARTS
_cARTS
_beng
041 _2eng
_aeng
082 _aV677, Q7
100 _aKabesh Amal Treacher Au.
_936563
245 0 _aEgyptian revolutions
_b conflict repetition and identification
260 _aLondon
_bRowman & littlefield UK
_c2017
300 _aviii,187p.
_ccm.
650 _aEGYPT - HISTORY
_936564
942 _hV677, Q7
_cTEXL
_2CC
999 _c139564
_d139564